Normal view MARC view
  • Caribe (Región)

Entry Nombre Geográfico

Number of records used in: 1

001 - NÚMERO DE CONTROL

  • campo de control: 59729

003 - IDENTIFICADOR DE NUMERO DE CONTROL

  • campo de control: MX-MxUPN

005 - FECHA Y HORA DE LA ÜLTIMA TRANSACCIÓN

  • campo de control: 20260527104429.0

008 - DATOS DE LONGITUD FIJA

  • campo de control de longitud fija: 260527nn fnnnnbabb n ana d

040 ## - FUENTE DE CATALOGACIÓN

  • Agencia de catalogación original: MX-MxUPN
  • Lenguaje de catalogación: spa

151 ## - ENCABEZAMIENTO - NOMBRE GEOGRÁFICO

  • Nombre geográfico: Caribe (Región)
  • Subdivisión de forma: Estadística

670 ## - FUENTE EN LA QUE SE LOCALIZARON DATOS

  • Cita de la fuente: Autoridades BGTQ, 27 mayo 2026 :
  • Información localizada: (Caribe (Región) -- Estadística)

902 ## - CATALOGADOR

  • Catalogador: VíctorGodínez/270526